Material Science and Engineering (Record no. 4014)

MARC details
000 -LEADER
fixed length control field 00331nam a2200133Ia 4500
008 - FIXED-LENGTH DATA ELEMENTS--GENERAL INFORMATION
fixed length control field 191201s2008 xx 000 0 und d
082 ## - DEWEY DECIMAL CLASSIFICATION NUMBER
Classification number 620.11
Item number GUM
100 ## - MAIN ENTRY--PERSONAL NAME
Personal name GUPTA, K M
245 #0 - TITLE STATEMENT
Title Material Science and Engineering
260 ## - PUBLICATION, DISTRIBUTION, ETC. (IMPRINT)
Place of publication, distribution, etc N.Delhi
Name of publisher, distributor, etc Umesh Publications
Date of publication, distribution, etc 2008
300 ## - PHYSICAL DESCRIPTION
Extent 701
650 ## - SUBJECT ADDED ENTRY--TOPICAL TERM
Topical term or geographic name as entry element B.Tech(ME)
942 ## - ADDED ENTRY ELEMENTS (KOHA)
Source of classification or shelving scheme Dewey Decimal Classification
Koha item type Text Books
Holdings
Withdrawn status Lost status Source of classification or shelving scheme Damaged status Not for loan Collection code Home library Current library Date acquired Source of acquisition Cost, normal purchase price Bill Number Total Checkouts Full call number Acc. no. / Barcode Date last seen Bill Date Koha item type Date last borrowed
    Dewey Decimal Classification     B.Tech(ME) PIET C-LIBRARY PIET C-LIBRARY 21/08/2006 M/s UBS, Delhi 170.00 125382   620.11 GUM 3309 04/12/2019 23/08/2005 Text Books  
    Dewey Decimal Classification     B.Tech(ME) PIET C-LIBRARY PIET C-LIBRARY 21/08/2006 M/s UBS, Delhi 170.00 125382 1 620.11 GUM 3310 11/02/2020 23/08/2005 Text Books 06/02/2020
    Dewey Decimal Classification     B.Tech(ME) PIET C-LIBRARY PIET C-LIBRARY 20/07/2009 J B C, New Delhi 240.00 SI-1459   620.11 GUM 12492 04/12/2019 11/07/2009 Text Books  
    Dewey Decimal Classification     B.Tech(ME) PIET C-LIBRARY PIET C-LIBRARY 20/07/2009 J B C, New Delhi 240.00 SI-1459 1 620.11 GUM 12493 26/02/2024 11/07/2009 Text Books 13/02/2024
    Dewey Decimal Classification     B.Tech(ME) PIET C-LIBRARY PIET C-LIBRARY 20/07/2009 J B C, New Delhi 240.00 SI-1459   620.11 GUM 12494 04/12/2019 11/07/2009 Text Books  
    Dewey Decimal Classification     B.Tech(ME) PIET C-LIBRARY PIET C-LIBRARY 20/07/2009 J B C, New Delhi 240.00 SI-1459   620.11 GUM 12495 04/12/2019 11/07/2009 Text Books  
    Dewey Decimal Classification     B.Tech(ME) PIET C-LIBRARY PIET C-LIBRARY 20/07/2009 J B C, New Delhi 240.00 SI-1506   620.11 GUM 12848 04/12/2019 14/07/2009 Text Books  

Design & Developed by: PIET Central Library
R70 Miles Stone Pattikalyana Samalkha Panipat 132102
mail ID :- [email protected], Phone No:- 0180-2569700 Ex.216